Tilastot visalle Australian osavaltiot ja territoriot

Klikkaa tästä pelataksesi tätä visaa!

Yleistilastot

  • Tätä visaa on pelattu 640 kertaa
  • Keskiarvotulos 5 / 8

Vastaukset kartalla

Vastauksille on annettu kartalla punavihreä väri sen mukaan, kuinka moni on saanut sen oikein.
 

Vastaustilastot

Osavaltio tai territorio% Oikein
Tasmania
86%
Queensland
78%
Länsi-Australia
71%
Victoria
67%
Etelä-Australia
63%
Uusi Etelä-Wales
61%
Pohjoisterritorio
54%
Australian pääkaupunkiterritorio
45%

Tulosjakauma

Persentiili vastausten määrän mukaan

Jokaisen tuloksen saaneiden osuus

Tuloshistoriasi

Et ole pelannut tätä visaa